000 00288nam a22001217a 4500
008 180515b xxu||||| |||| 00| 0 eng d
041 _aeng
080 _a043.3
100 _a0
101 _aMBE-BA
245 _aFazat gjate Procesit te Auditimit te Brendshem
_cHoxha, B
942 _2udc
_cBK
999 _c45783
_d45783